Tvorba parožia srnčej zveri

Bibliographic Details
Main Author: Herz, Jozef, 1945- (Author)
Format: Article
Language:Slovak
PhysicalDescription:Obr. 1.
Subjects:

MARC

LEADER 00000nab a2200000 a 4500
001 vtls000415461
003 SK-MaSNL
005 20260304081130.0
008 250424c1991 xo 0 slo
015 |a SNBRB19rr/mm-uuuuu 
035 |a CL0415586 
035 |a urn:nbn:sk:snk-abenu8 
035 |a (urnnbn)urn:nbn:sk:snk:ar-006y8k 
035 |a (uuid)6587e3aa-0244-4455-bacc-21b52609e539 
040 |a SNKBUCL  |b slo  |c SNKBUCL  |e AACR2 
041 0 |a slo 
044 |a xo  |c SK 
080 |a 599.735.3:591.478  |2 1981 
080 |a 591.478  |2 1981 
080 |a 639.111.1  |2 1981 
100 1 |a Herz, Jozef,  |d 1945-  |4 aut  |9 103259 
245 1 0 |a Tvorba parožia srnčej zveri  |c Jozef Herz 
300 |b Obr. 1. 
650 0 7 |a srnce  |2 snkbucl  |9 56999 
650 0 7 |a parožie  |2 snkbucl  |9 838134 
655 7 |a články z novín a časopisov  |2 snkbucl  |9 267496 
773 0 |t Poľovníctvo a rybárstvo  |g Roč. 43, č. 5 (1991), s. 8 a 10 
850 |a Slovenská národná knižnica 
852 |a Slovenská národná knižnica 
958 |a article27 
958 |a OND 
958 |a RK 
992 |a RBX 
999 |c 2789639  |d 2791569